Introducción al estudio de los cristales y la estructura íntima de la materia / (Record no. 115519)

MARC details
000 -LEADER
campo de control de longitud fija 00741nam a2200217 i 4500
001 - NÚMERO DE CONTROL
campo de control 115519
003 - IDENTIFICADOR DE NÚMERO DE CONTROL
campo de control ES-MaACL
005 - FECHA Y HORA DE LA ÚLTIMA TRANSACCIÓN
campo de control 20230906190454.0
007 - CAMPO FIJO DE DESCRIPCIÓN FÍSICA--INFORMACIÓN GENERAL
campo de control de longitud fija t|
008 - DATOS DE LONGITUD FIJA--INFORMACIÓN GENERAL
campo de control de longitud fija 070314s1923 sp ||||1| spa d
100 1# - ENTRADA PRINCIPAL--NOMBRE DE PERSONA
Nombre de persona Rinne, Friedrich.
9 (RLIN) 97289
245 10 - MENCIÓN DEL TÍTULO
Título Introducción al estudio de los cristales y la estructura íntima de la materia /
Mención de responsabilidad, etc. F. Rinne ; traducida del alemán por Francisco Pardillo.
260 ## - PUBLICACIÓN, DISTRIBUCIÓN, ETC.
Lugar de publicación, distribución, etc. Madrid :
Nombre del editor, distribuidor, etc. Calpe,
Fecha de publicación, distribución, etc. [1923]
300 ## - DESCRIPCIÓN FÍSICA
Extensión 161 p. :
Otras características físicas il. ;
Dimensiones 17 cm.
490 1# - MENCIÓN DE SERIE
Mención de serie Biblioteca contemporánea de ciencias
650 04 - PUNTO DE ACCESO ADICIONAL DE MATERIA--TÉRMINO DE MATERIA
Término de materia o nombre geográfico como elemento de entrada Cristalografía.
9 (RLIN) 11424
700 1# - ENTRADA AGREGADA--NOMBRE PERSONAL
Nombre de persona Pardillo, Francisco.
9 (RLIN) 88951
830 0# - PUNTO DE ACCESO ADICIONAL DE SERIE-TÍTULO UNIFORME
Título uniforme Biblioteca contemporánea de ciencias
9 (RLIN) 233266
852 ## - LOCALIZACIÓN
Ubicación ES-MaACL
Número de control de estantería B-3770
Holdings
Estatus retirado Estado de pérdida Estado de daño No para préstamo Biblioteca de origen Biblioteca actual Ubicación en estantería Fecha de adquisición Fuente de adquisición Total de préstamos Signatura topográfica completa Código de barras Visto por última vez Precio de reemplazo Tipo de ítem Koha
        Biblioteca del Ateneo de Madrid Biblioteca del Ateneo de Madrid Sala Pardo Bazán 17/01/2008     B-3770 1120451 23/02/2023 23/02/2023 Libro impreso